[Event "Challenge"]
[Site "http://www.queenalice.com/game.php?id=248432"]
[Date "2007.7.31"]
[Round "-"]
[White "fgonper"]
[Black "NextFuture"]
[Result "1-0"]
[WhiteElo "2320"]
[BlackElo "2122"]

1. e4 Nf6 2. e5 Nd5 3. c4 Nb6 4. d4 d6 5. exd6 cxd6 6. Nc3 Nc6 7. d5 Ne5 8. f4
Ng6 9. Nf3 Bg4 10. h3 Bxf3 11. Qxf3 Rc8 12. c5 Rxc5 13. Be3 Rxc3 14. bxc3 Qc7
15. Bb5+ Kd8 16. O-O a6 17. Bd3 1-0

[Event "Challenge"]
[Site "http://www.queenalice.com/game.php?id=248433"]
[Date "2007.7.31"]
[Round "-"]
[White "NextFuture"]
[Black "fgonper"]
[Result "0-1"]
[WhiteElo "2125"]
[BlackElo "2327"]

1. Nf3 c5 2. e4 d6 3. Nc3 Nf6 4. d4 cxd4 5. Nxd4 a6 6. Be2 e5 7. Nf3 h6 8. O-O
Be7 9. Re1 O-O 10. h3 Be6 11. Bf1 Nbd7 12. Nd5 Nc5 13. Nxe7+ Qxe7 14. Bd3 b5 15.
b4 Na4 16. c4 bxc4 17. Bxc4 Bxc4 18. Qxa4 Bd3 19. Nd2 Rfc8 20. f3 Qa7+ 21. Kh2
Rc2 0-1

[Event "Challenge"]
[Site "http://www.queenalice.com/game.php?id=249925"]
[Date "2007.8.2"]
[Round "-"]
[White "NextFuture"]
[Black "Football_rules"]
[Result "1-0"]
[WhiteElo "2098"]
[BlackElo "1430"]

1. d4 d5 2. Nf3 g6 3. e3 Bg7 4. c4 Nf6 5. Nc3 Be6 6. Ng5 Qd6 7. Nxe6 Qxe6 8. Qb3
b6 9. cxd5 Qf5 10. Bb5+ c6 11. dxc6 O-O 12. O-O Rc8 13. d5 a6 14. Be2 b5 15. Bf3
Ng4 16. e4 Qe5 17. Bxg4 Rc7 18. Be3 Nxc6 19. dxc6 Rxc6 20. f4 Qc7 21. Nd5 Qd8
22. Rad1 Rd6 23. e5 Rc6 24. Nb4 Qc7 25. Nxc6 Qxc6 26. Bf3 Qe6 27. Bxa8 h5 28.
Rd8+ Kh7 29. Bd5 Qg4 30. Bxf7 h4 31. Bg8+ Kh6 32. f5+ g5 33. Qe6+ Kh5 34. Bf7#
1-0

[Event "AUTO-MASTER-342"]
[Site "http://www.queenalice.com/game.php?id=277803"]
[Date "2007.9.27"]
[Round "2"]
[White "m_2788"]
[Black "NextFuture"]
[Result "0-1"]
[WhiteElo "1955"]
[BlackElo "2109"]

1. d4 Nf6 2. c4 g6 3. Nc3 d5 4. cxd5 Nxd5 5. e4 Nxc3 6. bxc3 Bg7 7. Nf3 O-O 8.
Bc4 c5 9. O-O Nc6 10. Be3 Bg4 11. e5 cxd4 12. cxd4 Bxf3 13. gxf3 e6 14. Qd2 Qh4
15. Kh1 Rac8 16. Rac1 Qh3 17. Be2 Rfd8 18. Qb2 Rb8 19. Rg1 Bh6 20. Rg3 Qh4 21.
Kg2 Bf4 22. Bxf4 Qxf4 23. Rg4 Qh6 24. Rd1 Qf8 25. Qd2 Nxe5 26. Rg3 Nc6 27. Bc4
Rxd4 28. Qc2 Rxd1 29. Qxd1 Qc5 30. Bf1 Rd8 31. Qa4 Rd2 0-1

[Event "AUTO-MASTER-342"]
[Site "http://www.queenalice.com/game.php?id=277804"]
[Date "2007.9.27"]
[Round "2"]
[White "NextFuture"]
[Black "m_2788"]
[Result "1-0"]
[WhiteElo "2116"]
[BlackElo "1964"]

1. e4 d6 2. d4 e5 3. dxe5 dxe5 4. Qxd8+ Kxd8 5. Bc4 Be6 6. Bxe6 fxe6 7. Nf3 Bd6
8. Nc3 a6 9. Bg5+ Nf6 10. O-O-O Ke7 11. Rd2 Nd7 12. Rhd1 b5 13. Bh4 Rhb8 14. g4
Nc5 15. b4 Nb7 16. g5 Nd7 17. g6+ Nf6 18. gxh7 Rh8 19. Bg3 Rxh7 20. Nxe5 Bxe5
21. Bxe5 Rh3 22. Rd3 Rxd3 23. Rxd3 c5 24. bxc5 Rc8 25. Bd6+ Kf7 26. e5 Nd7 27.
Ne4 Rc6 28. Ng5+ Kg8 29. Nxe6 Ndxc5 30. Nxc5 Nxc5 31. Bxc5 Rxc5 32. e6 Kf8 33.
Rd8+ Ke7 34. Rd7+ Kxe6 35. Rxg7 a5 36. h4 Kf6 37. Rg5 Rxg5 38. hxg5+ Kxg5 39.
Kd2 1-0

[Event "AUTO-MASTER-342"]
[Site "http://www.queenalice.com/game.php?id=277807"]
[Date "2007.9.27"]
[Round "2"]
[White "mbake5"]
[Black "NextFuture"]
[Result "1-0"]
[WhiteElo "2433"]
[BlackElo "2116"]

1. e4 Nf6 2. e5 Nd5 3. d4 d6 4. Nf3 Bg4 5. Be2 e6 6. O-O dxe5 7. Nxe5 Bxe2 8.
Qxe2 c6 9. c4 Nf6 10. Nc3 Be7 11. Rd1 O-O 12. Bf4 Nbd7 13. Rab1 Re8 14. b4 Nf8
15. b5 cxb5 16. Nxb5 a6 17. Nc3 Qa5 18. Qf3 Bb4 19. Qxb7 Bxc3 20. Qxf7+ 1-0

[Event "AUTO-MASTER-342"]
[Site "http://www.queenalice.com/game.php?id=277808"]
[Date "2007.9.27"]
[Round "2"]
[White "NextFuture"]
[Black "mbake5"]
[Result "0-1"]
[WhiteElo "2119"]
[BlackElo "2431"]

1. Nf3 c5 2. e4 d6 3. Nc3 Nf6 4. d4 cxd4 5. Nxd4 g6 6. Bg5 Bg7 7. Qd2 Nc6 8. Bb5
Bd7 9. Nxc6 bxc6 10. Bc4 h6 11. Bh4 g5 12. Bg3 Nh5 13. Qe3 Qb6 14. Qxb6 axb6 15.
Nd1 Nf4 16. O-O Ra4 17. Bxf4 Rxc4 18. Be3 c5 19. c3 Rxe4 0-1

[Event "AUTO-MASTER-342"]
[Site "http://www.queenalice.com/game.php?id=277811"]
[Date "2007.9.27"]
[Round "2"]
[White "NextFuture"]
[Black "CCapivara"]
[Result "0-1"]
[WhiteElo "2114"]
[BlackElo "2008"]

1. d4 d6 2. e4 Nf6 3. Nc3 c6 4. Bg5 Nbd7 5. Qd2 e5 6. Nf3 Be7 7. O-O-O O-O 8.
dxe5 dxe5 9. h3 Qc7 10. g4 Nc5 11. Qe3 Ne6 12. Bh4 Bc5 13. Qe1 Nd7 14. Bg3 b5
15. Bg2 a5 16. Nxe5 Nxe5 17. f4 Nc4 18. f5 Nf4 19. Bf3 Bd6 20. Rxd6 Qxd6 21. Rf1
Qb4 0-1

[Event "AUTO-MASTER-342"]
[Site "http://www.queenalice.com/game.php?id=277812"]
[Date "2007.9.27"]
[Round "2"]
[White "CCapivara"]
[Black "NextFuture"]
[Result "0-1"]
[WhiteElo "2026"]
[BlackElo "2099"]

1. e4 Nf6 2. Nc3 e5 3. f4 d5 4. exd5 e4 5. Bb5+ c6 6. dxc6 Nxc6 7. Nge2 Bc5 8.
d4 exd3 9. Qxd3 Qe7 10. Bd2 O-O 11. O-O-O Nb4 12. Qg3 Bf5 13. Ba4 b5 14. Nxb5
Qxe2 15. Rhe1 Qc4 16. Bxb4 Qxb4 17. Qc3 Qxf4+ 18. Kb1 Rac8 19. Qb3 Bf2 20. Rf1
Bxc2+ 21. Qxc2 Rxc2 22. Bxc2 Ng4 23. Rd4 Qg5 24. Rxg4 Qxg4 25. Rxf2 Qh5 26. Nd6
Qxh2 27. Rd2 Rd8 0-1

[Event "AUTO-OPEN-502"]
[Site "http://www.queenalice.com/game.php?id=292662"]
[Date "2007.10.25"]
[Round "2"]
[White "robelix"]
[Black "NextFuture"]
[Result "0-1"]
[WhiteElo "2077"]
[BlackElo "2123"]

1. d4 f5 2. Bg5 c5 3. d5 Qb6 4. Bc1 e5 5. dxe6 dxe6 6. e4 Nc6 7. exf5 Nf6 8.
fxe6 Bxe6 9. Nf3 Be7 10. Qe2 Bf5 11. Na3 O-O-O 12. Qb5 Qc7 13. Bd3 Bxd3 14. cxd3
Ng4 15. Nc2 Nce5 16. Nxe5 Qxe5+ 17. Be3 Nxe3 18. fxe3 Bh4+ 19. g3 Bg5 20. d4
Rxd4 21. Nxd4 Qxe3+ 22. Ne2 Rf8 23. Qa5 Rf2 24. Qb5 Rf6 25. Qa5 Qf2+ 0-1

[Event "AUTO-OPEN-502"]
[Site "http://www.queenalice.com/game.php?id=292663"]
[Date "2007.10.25"]
[Round "2"]
[White "NextFuture"]
[Black "robelix"]
[Result "1/2-1/2"]
[WhiteElo "2119"]
[BlackElo "2078"]

1. Nf3 f5 2. c4 Nf6 3. Nc3 e6 4. d3 Be7 5. e4 fxe4 6. dxe4 O-O 7. e5 Ne8 8. Bd3
d6 9. O-O Nc6 10. Qe2 dxe5 11. Rd1 Bd7 12. Nxe5 Nxe5 13. Qxe5 Bd6 14. Qh5 g6 15.
Qh6 Rf7 16. Bg5 Be7 17. Ne4 Nf6 18. Nxf6+ Bxf6 19. Bxg6 hxg6 20. Qxg6+ Kf8 21.
Rxd7 Rxd7 22. Qxf6+ Qxf6 23. Bxf6 Kf7 24. Bc3 Rad8 25. h4 Kg6 26. Kh2 Rd1 27.
Rxd1 Rxd1 28. g4 a6 29. Kg3 b5 30. cxb5 axb5 31. Be5 c5 32. h5+ Kg5 33. Bf4+ Kf6
34. Bh6 e5 35. g5+ Kf7 36. Kg4 Rg1+ 37. Kf5 Rh1 38. Kxe5 Rxh5 39. Kd5 Rh2 40.
Kxc5 Rxf2 41. b3 b4 42. Kxb4 Rxa2 43. Kb5 Ra8 44. b4 Rb8+ 45. Kc4 Rc8+ 46. Kd5
Rb8 1/2-1/2

[Event "AUTO-OPEN-502"]
[Site "http://www.queenalice.com/game.php?id=292666"]
[Date "2007.10.25"]
[Round "2"]
[White "llo_oll"]
[Black "NextFuture"]
[Result "0-1"]
[WhiteElo "2202"]
[BlackElo "2126"]

1. c4 f5 2. g3 Nf6 3. Bg2 c6 4. Nf3 e6 5. O-O Be7 6. d4 O-O 7. Nbd2 Ne4 8. Qc2
d5 9. Nb3 Nd7 10. Be3 g5 11. Ne5 Nd6 12. c5 Nf7 13. f4 Nfxe5 14. fxe5 Rf7 15.
Rad1 Nf8 16. Nc1 Ng6 17. Nd3 Bd7 18. Qd2 Rg7 19. Qc3 h5 0-1

[Event "AUTO-OPEN-502"]
[Site "http://www.queenalice.com/game.php?id=292667"]
[Date "2007.10.25"]
[Round "2"]
[White "NextFuture"]
[Black "llo_oll"]
[Result "1-0"]
[WhiteElo "2140"]
[BlackElo "2188"]

1. d4 Nf6 2. Nf3 e6 3. Bg5 h6 4. Bh4 b6 5. e3 Bb7 6. Nbd2 d6 7. Bb5+ Nbd7 8. O-O
g5 9. Bg3 a6 10. Bd3 Nh5 11. e4 c5 12. c3 b5 13. Ne1 Nxg3 14. fxg3 Bg7 15. Qh5
Rf8 16. dxc5 dxc5 17. Rd1 Qc7 18. a4 c4 19. Bc2 1-0

[Event "BOARD 2,DIV.C"]
[Site "http://www.queenalice.com/game.php?id=301233"]
[Date "2007.11.9"]
[Round "1"]
[White "NextFuture"]
[Black "gbsalvio"]
[Result "0-1"]
[WhiteElo "2134"]
[BlackElo "2427"]

1. d4 Nf6 2. Nf3 d6 3. g3 Nbd7 4. Bg2 c6 5. O-O e5 6. Nc3 Be7 7. e4 O-O 8. a4 a5
9. d5 cxd5 10. Nxd5 Nxd5 11. Qxd5 Nc5 12. Re1 Bd7 13. b3 Bc6 14. Qc4 Bxe4 15.
Rxe4 d5 0-1

[Event "AUTO-MASTER-232"]
[Site "http://www.queenalice.com/game.php?id=320565"]
[Date "2007.12.15"]
[Round "3"]
[White "NextFuture"]
[Black "LoveChess"]
[Result "0-1"]
[WhiteElo "2153"]
[BlackElo "2479"]

1. d4 c5 2. d5 Nf6 3. c4 b5 4. cxb5 a6 5. bxa6 g6 6. Nc3 Bxa6 7. Nf3 Qa5 8. Nd2
Bg7 9. g3 O-O 10. Bg2 d6 11. O-O Nbd7 12. Re1 Rfb8 13. Bh3 Ne5 14. Qc2 Ra7 15.
f4 Nc4 16. Nxc4 Bxc4 17. e4 Nd7 18. Bd2 Bd4+ 19. Kh1 Qa6 20. Bf1 Bxf1 21. Rxf1
Rab7 22. Rfb1 Nf6 23. Kg2 Nxe4 24. Kf3 Nxd2+ 25. Qxd2 Qc4 0-1

[Event "AUTO-MASTER-232"]
[Site "http://www.queenalice.com/game.php?id=320566"]
[Date "2007.12.15"]
[Round "3"]
[White "LoveChess"]
[Black "NextFuture"]
[Result "1-0"]
[WhiteElo "2480"]
[BlackElo "2151"]

1. e4 Nf6 2. e5 Nd5 3. d4 d6 4. c4 Nb6 5. exd6 exd6 6. Nc3 Be7 7. Nf3 Bg4 8. h3
Bh5 9. Be2 Nc6 10. d5 Bxf3 11. gxf3 Ne5 12. f4 Ned7 13. Qc2 a5 14. Be3 Nc5 15.
O-O-O Nbd7 16. h4 Bf6 17. Nb5 Na6 18. h5 Ndc5 19. a3 Qe7 20. Bg4 Qe4 21. Qxe4+
Nxe4 22. Bf5 Nec5 23. Bxc5 dxc5 24. d6 cxd6 25. Rhe1+ Kf8 26. Rxd6 Bh4 27. Rd7
g6 28. Nd6 1-0

[Event "AUTO-OPEN-502"]
[Site "http://www.queenalice.com/game.php?id=336299"]
[Date "2008.1.14"]
[Round "3"]
[White "NextFuture"]
[Black "fabcosta"]
[Result "1-0"]
[WhiteElo "2168"]
[BlackElo "1743"]

1. Nf3 c5 2. Nc3 Nc6 3. e4 g6 4. Bc4 Bg7 5. O-O d6 6. a3 Nf6 7. d3 O-O 8. Bg5
Bg4 9. h3 Bxf3 10. Qxf3 Nd4 11. Qd1 h6 12. Bd2 Qd7 13. Ne2 b5 14. Ba2 1-0

[Event "AUTO-OPEN-502"]
[Site "http://www.queenalice.com/game.php?id=336300"]
[Date "2008.1.14"]
[Round "3"]
[White "fabcosta"]
[Black "NextFuture"]
[Result "0-1"]
[WhiteElo "1736"]
[BlackElo "2169"]

1. e4 e6 2. b3 d5 3. exd5 exd5 4. Nf3 Nf6 5. Bb2 Bg4 6. Be2 Bc5 7. O-O O-O 8. d4
Bd6 9. Nc3 c6 10. Re1 Nbd7 11. Qd3 Re8 12. Ng5 Bxe2 13. Rxe2 Rxe2 14. Nxe2 Qc7
15. g3 Re8 16. Bc1 Nf8 17. Bf4 Ng6 18. Bxd6 Qxd6 19. Kf1 h6 20. Nf3 Qe6 21. Re1
Qh3+ 22. Kg1 Ng4 0-1

[Event "Challenge"]
[Site "http://www.queenalice.com/game.php?id=399329"]
[Date "2008.5.7"]
[Round "-"]
[White "Macuei"]
[Black "NextFuture"]
[Result "1-0"]
[WhiteElo "2407"]
[BlackElo "2171"]

1. d4 Nf6 2. c4 c5 3. Nf3 cxd4 4. Qxd4 Nc6 5. Qd3 g6 6. Nc3 Bg7 7. e4 O-O 8. Be2
Nb4 9. Qd1 d6 10. O-O Bg4 11. Be3 Nd7 12. Qb3 Nc6 13. Qxb7 Bxf3 14. Qxc6 Bxc3
15. gxf3 Bxb2 16. Rab1 Bg7 17. Rb7 Ne5 18. Qc7 Qc8 19. Qxc8 Rfxc8 20. Rxe7 Nxc4
21. Bf4 Bf8 22. Rb7 Ne5 23. a4 a5 24. Kg2 Rc3 25. Rd1 Rc2 26. Rd2 Rac8 27. Rxc2
Rxc2 28. Bb5 Rc3 29. Rb8 Kg7 30. Be3 1-0

[Event "Challenge"]
[Site "http://www.queenalice.com/game.php?id=399331"]
[Date "2008.5.7"]
[Round "-"]
[White "NextFuture"]
[Black "Macuei"]
[Result "0-1"]
[WhiteElo "2166"]
[BlackElo "2410"]

1. d4 d5 2. Nf3 Nf6 3. c4 dxc4 4. e3 e6 5. Bxc4 c5 6. O-O a6 7. Qe2 b5 8. Bd3
Bb7 9. Rd1 Nbd7 10. Nc3 Qc7 11. Nd2 Bd6 12. h3 O-O 13. Nde4 c4 14. Bc2 Be7 15.
Ng3 b4 16. Nce4 Nd5 17. f4 f5 18. Nf2 Bh4 19. Nf1 Rac8 20. g3 Bf6 21. e4 Ne7 22.
Ne3 g6 23. d5 exd5 24. exd5 Qc5 25. d6 Nd5 26. Nxd5 Bxd5 27. Be3 Qc6 28. Ba4
Qxa4 29. Rxd5 Rfe8 30. Nd1 c3 31. Rc1 Qxa2 0-1

[Event "BOARD 2,DIV.C"]
[Site "http://www.queenalice.com/game.php?id=403162"]
[Date "2008.5.14"]
[Round "3"]
[White "NextFuture"]
[Black "arauca"]
[Result "0-1"]
[WhiteElo "2161"]
[BlackElo "2165"]

1. d4 Nf6 2. c4 g6 3. Nc3 d5 4. cxd5 Nxd5 5. e4 Nxc3 6. bxc3 Bg7 7. Bc4 c5 8.
Ne2 O-O 9. O-O Nc6 10. Be3 Bg4 11. f3 Na5 12. Bd3 cxd4 13. cxd4 Be6 14. Qa4 a6
15. Bd2 Nc6 16. Be3 b5 17. Qa3 Nxd4 18. Rad1 Nxe2+ 19. Bxe2 Qc7 20. Rd2 Rfb8 21.
f4 b4 22. Qa4 a5 23. e5 Rd8 24. Rfd1 Rxd2 25. Rxd2 Rc8 26. Kf2 f6 27. Ba6 Ra8
28. Qb5 fxe5 29. Bb6 Qc3 30. Re2 Rf8 31. g3 Bg4 32. Qc4+ Qxc4 33. Bxc4+ Kh8 34.
Rd2 exf4 0-1